|
|
|
|
| LEADER |
01592nam a2200289 u 4500 |
| 001 |
10031845 |
| 003 |
GR-PaULI |
| 005 |
20210117210125.0 |
| 008 |
000118s1994 ge eng |
| 952 |
|
|
|0 0
|1 0
|2 ddc
|4 0
|6 Π_Σ_511_800000000000000_NAT
|7 0
|9 202628
|a LISP
|b LISP
|c REF
|d 2016-04-24
|i 054776
|l 0
|o Π/Σ 511.8 NAT
|p 025000074015
|r 2016-04-24 00:00:00
|t 1
|v 2016.00
|w 2016-04-24
|y BKN
|
| 999 |
|
|
|c 123691
|d 123691
|
| 020 |
|
|
|a 3540580107
|
| 040 |
|
|
|a GR-PaULI
|c GR-PaULI
|b gre
|e AACR2
|
| 082 |
0 |
4 |
|a 511.8
|2 23
|
| 111 |
|
|
|9 176682
|a NATO Advanced Research Workshop on the Design of Mathematical Modelling Courses for Engineering Education
|d (1993 :
|c İzmir, Turkey)
|
| 245 |
1 |
0 |
|a Mathematical modelling courses for engineering education /
|c edited by Yaςsar Ersoy, Alfredo O. Moscardini.
|
| 260 |
|
|
|a Berlin :
|b Springer-Verlag,
|c 1994.
|
| 300 |
|
|
|a x, 246 σ. :
|b εικ. ;
|c 25 εκ.
|
| 490 |
1 |
|
|a NATO ASI series : Series F: Computer and systems sciences
|v 132.
|
| 500 |
|
|
|a "Proceedings of the NATO Advanced Research Workshop on the Design of Mathematical Modelling Courses for Engineering Education, held in Izmir, Tukey, July 12-16, 1993"--T.p. verso
|
| 504 |
|
|
|a Περιλαμβάνει βιβλιογραφικές παραπομπές και ευρετήριο.
|
| 650 |
|
4 |
|a Μαθηματικά μοντέλα
|9 2223
|
| 700 |
1 |
|
|a Esroy, Yaṣar,
|d 1945-
|4
|e επιμελητής.
|9 154922
|
| 700 |
1 |
|
|a Moscardini, A. O.
|4
|e επιμελητής.
|9 154923
|
| 830 |
|
0 |
|9 163532
|a NATO ASI series.
|p Computer and systems sciences
|v 132
|
| 942 |
|
|
|2 ddc
|c BKN
|
| 998 |
|
|
|c ΜΠΟΥΡΑΣ
|d 2019-06
|